| 000 | 006390000a22001810004500 | ||
|---|---|---|---|
| 003 | MACL | ||
| 005 | 20160330134337.0 | ||
| 008 | 160330b xxu||||| |||| 00| 0 eng d | ||
| 040 |
_aMACL _cMACL |
||
| 041 | _aHindi | ||
| 082 | _a320 | ||
| 100 |
_aनरेन्द्र कुमार वर्मा _948952 |
||
| 245 | _aसामाजिक एवं राजनीतिक क्रांति की महानायिका मायावती | ||
| 260 |
_bप्रतिमा प्रकाशन _c2010 _aदिल्ली |
||
| 350 | _a150 | ||
| 650 |
_aPolitical Sci. _934660 |
||
| 942 |
_cHIN _k320/VER _2ddc |
||
| 999 |
_c45187 _d45187 |
||